La globalización del capital : (Registro nro. 8156)

Detalles MARC
000 -LEADER
fixed length control field 02111nam a2200289Ia 4500
003 - CONTROL NUMBER IDENTIFIER
control field OSt
005 - DATE AND TIME OF LATEST TRANSACTION
control field 20210727225151.0
008 - FIXED-LENGTH DATA ELEMENTS--GENERAL INFORMATION
fixed length control field 210310t1996 sp ad fr 000 0dspa d
020 ## - INTERNATIONAL STANDARD BOOK NUMBER
International Standard Book Number 8485855957
040 ## - CATALOGING SOURCE
Original cataloging agency CO-JMCR
Transcribing agency CO-JMCR
041 1# - LANGUAGE CODE
Language code of text/sound track or separate title spa
Language code of original eng
082 04 - DEWEY DECIMAL CLASSIFICATION NUMBER
Classification number 332.673 /
Item number E342g
Edition number 23
100 1# - MAIN ENTRY--PERSONAL NAME
Personal name Eichengreen, Barry,
9 (RLIN) 16486
Relator term autor
245 13 - TITLE STATEMENT
Title La globalización del capital :
Remainder of title historia del sistema monetario internacional /
Statement of responsibility, etc. Barry Eichengreen ; traducción de María Esther Rabasco
260 ## - PUBLICATION, DISTRIBUTION, ETC.
Place of publication, distribution, etc. Barcelona :
Name of publisher, distributor, etc. Antoni Bosch,
Date of publication, distribution, etc. ©1996
300 ## - PHYSICAL DESCRIPTION
Extent ix, 327 páginas :
Other physical details ilustraciones y gráficas a blanco y negro ;
Dimensions 22 cm.
500 ## - GENERAL NOTE
General note Incluye glosario, índice analítico, datos biográficos del autor y notas a pie de página.<br/>Título original. Globalizing capital: a history of the international monetary system
504 ## - BIBLIOGRAPHY, ETC. NOTE
Bibliography, etc. note Bibliografía: páginas [291]-314
505 0# - FORMATTED CONTENTS NOTE
Formatted contents note El patrón oro -- La inestabilidad del período de entreguerras -- El sistema de Bretton Woods -- De la fluctuación a la unificación monetaria
520 3# - SUMMARY, ETC.
Summary, etc. Desde 1850 hasta la crisis asiática y el euro, Eichengreen analiza la evolución del sistema monetario internacional. El autor evita entrar en una descripción pormenorizada de los detalles institucionales para poder centrarse en las cuestiones económicas más sustantivas.<br/>El libro va dirigido a diversas audiencias. Una es la de los estudiantes de economía que necesitan dar vida a los simples esquemas que encuentran en sus libros de texto. Otra es la de los estudiantes de historia que hallarán en estas páginas conceptos y metodologías que les serán familiares. Pero el libro está también dirigido al lector general interesado en la reforma monetaria y consciente de que la historia del sistema <br/>monetario internacional condiciona los sistemas monetarios actuales y futuros.<br/>
546 ## - LANGUAGE NOTE
Language note Traducido del inglés.
650 14 - SUBJECT ADDED ENTRY--TOPICAL TERM
Topical term or geographic name entry element Mercado de capitales
9 (RLIN) 16488
650 24 - SUBJECT ADDED ENTRY--TOPICAL TERM
Topical term or geographic name entry element Sistema monetario internacional
General subdivision Historia
9 (RLIN) 38807
650 24 - SUBJECT ADDED ENTRY--TOPICAL TERM
Topical term or geographic name entry element Globalización
9 (RLIN) 38808
700 1# - ADDED ENTRY--PERSONAL NAME
Personal name Rabasco, María Esther,
Relator term traductora
9 (RLIN) 6403
942 ## - ADDED ENTRY ELEMENTS (KOHA)
Source of classification or shelving scheme Dewey Decimal Classification
Koha item type Books
Existencias
Withdrawn status Lost status Source of classification or shelving scheme Damaged status Not for loan Collection code Home library Current library Date acquired Source of acquisition Total Checkouts Total Renewals Full call number Barcode Date last seen Date last checked out Copy number Koha item type
    Dewey Decimal Classification     Non-fiction Biblioteca Pública José María del Castillo y Rada Biblioteca Pública José María del Castillo y Rada 04/15/2018 Donación 1 2 332.673 / E342g 430003259 05/16/2024 09/22/2021 Ej.1 Books